| 000 | 00562nam a2200217Ia 4500 | ||
|---|---|---|---|
| 003 | OSt | ||
| 005 | 20241010045503.0 | ||
| 008 | 240925s9999 xx 000 0 und d | ||
| 020 | _a70990077 | ||
| 040 | _cfg | ||
| 082 | _a515 SPI | ||
| 100 | _aSpiegel, Murray R. | ||
| 245 | 0 | _aSchaum's Outline of Theory And Problems of Advance Calculus | |
| 250 | _aNA | ||
| 260 |
_aSingapore: _bMc Graw Hill _c,1974. |
||
| 300 |
_a224p. _bNA _fOriginal |
||
| 500 | _aIncludes Index | ||
| 600 | _aHumanities & Natural Science | ||
| 650 | _aMathematics | ||
| 942 |
_cBK _2ddc |
||
| 999 |
_c2556 _d2556 |
||